Death Penalty Countries - Statistics

General Stats
  • This quiz has been taken 364 times
  • The average score is 36 of 52
Answer Stats
Country Death Penalty % Correct
United States Retained in Law
97%
China Retained in Law
91%
Iran Retained in Law
91%
Iraq Retained in Law
90%
India Retained in Law
89%
Saudi Arabia Retained in Law
89%
Pakistan Retained in Law
86%
Yemen Retained in Law
86%
Japan Retained in Law
85%
Oman Retained in Law
85%
Afghanistan Retained in Law
84%
Egypt Retained in Law
84%
Indonesia Retained in Law
84%
United Arab Emirates Retained in Law
84%
North Korea Retained in Law
82%
Qatar Retained in Law
81%
Syria Retained in Law
79%
Bahrain Retained in Law
78%
Thailand Retained in Law
78%
Belarus Retained in Law
75%
Brazil Only Serious Offences
75%
Jordan Retained in Law
75%
Kuwait Retained in Law
75%
Libya Retained in Law
75%
Malaysia Retained in Law
75%
Vietnam Retained in Law
75%
Israel Only Serious Offences
74%
Sudan Retained in Law
74%
Somalia Retained in Law
73%
Lebanon Retained in Law
71%
Nigeria Retained in Law
71%
Singapore Retained in Law
71%
DR Congo Retained in Law
70%
South Sudan Retained in Law
69%
Bangladesh Retained in Law
68%
Ethiopia Retained in Law
67%
Taiwan Retained in Law
66%
Cuba Retained in Law
63%
Zimbabwe Retained in Law
57%
Kazakhstan Only Serious Offences
55%
Uganda Retained in Law
55%
Chile Only Serious Offences
52%
Peru Only Serious Offences
51%
Burkina Faso Only Serious Offences
48%
Guyana Retained in Law
44%
Jamaica Retained in Law
44%
Guatemala Only Serious Offences
41%
Belize Retained in Law
40%
Botswana Retained in Law
35%
Lesotho Retained in Law
35%
Bahamas Retained in Law
34%
Equatorial Guinea Only Serious Offences
27%
No matching quizzes found
Score Distribution
Percent of People with Each Score
Percentile by Number Answered
Your Score History
You have not taken this quiz